Uspechi i trudnosti kitajskoj derevni. 80-je gody.

Reforma na dedine v ČĽR po r. 1978 rozložila veľké kolektívne hospodárstva a previedla pôdu do rúk roľníkov pre individuálne obrábanie. Roľníci získali právo samostatného hospodárenia. Úspechy a ťažkosti v súčasnosti na čínskej dedine. Malá výmera roľníckeho hospodárstva znemožňuje modernizáciu, zvy...

Full description

Saved in:
Bibliographic Details
Main Author: Kurbatov, V.
Format: Book Chapter
Language:Russian
Subjects:
Tags: Add Tag
No Tags, Be the first to tag this record!

MARC

LEADER 00000naa a2200000 4500
001 r002532
005 20220909073715.6
041 0 |a rus 
044 |a [SU] 
245 1 0 |a Uspechi i trudnosti kitajskoj derevni.  |b 80-je gody.  |c V. Kurbatov 
520 |a Reforma na dedine v ČĽR po r. 1978 rozložila veľké kolektívne hospodárstva a previedla pôdu do rúk roľníkov pre individuálne obrábanie. Roľníci získali právo samostatného hospodárenia. Úspechy a ťažkosti v súčasnosti na čínskej dedine. Malá výmera roľníckeho hospodárstva znemožňuje modernizáciu, zvyšovanie výnosovosti a dôchodkovosti poľnohospodárstva. Potravinový problém. 
610 2 0 |a roľníci jednotlivo hospodáriaci 
610 2 0 |a Čína 
610 2 0 |a reformy pozemkové 
610 2 0 |a 1978-1990 
610 2 0 |a politika poľnohospodárska 
610 2 0 |a vlastníctvo 
610 2 0 |a vidiek 
610 2 0 |a výnosy pôdy 
610 2 0 |a potraviny 
610 2 0 |a modernizácia 
100 1 |a Kurbatov, V.